000 00283nam a22001337a 4500
008 181024b xxu||||| |||| 00| 0 eng d
020 _a2900495500864
041 _aeng
080 _a701
100 _a44
101 _aART
245 _aDesign Basics
_cLauer,D.A
942 _2udc
_cBK
999 _c50797
_d50797